000
00296nam a2200121Ia 4500
005
20251222155150.0
008
251222s9999||||xx |||||||||||||| ||spa||
082
_a
SIQ.39
100
_a
MIMDES.
245
0
_a
Perfil de los casos atendidos a los casos de emerg.
264
_b
Mimdes
942
_c
LIB
999
_c
39512
_d
39512